000 01037nam a22002537a 4500
999 _c5667
_d5667
003 OSt
005 20251013155521.0
008 251013b ||||| |||| 00| 0 eng d
020 _a9781474915083
_qbook set
040 _cKH8
082 _aFIC COL
100 _aCollodi, Carlo,
_eauthor.
245 _aPinocchio /
_cCarlo Collodi ; illustrated by Mauro Evangelista.
260 _aEngland ;
_bUsborne Publishing Ltd ,
_c2005.
300 _a63 pages :
_bcolour illustrations ;
_c20 cm.
490 _aUsborne Young Reading
_vseries two
520 _a"Only good sons have a chance of becoming real boys," warns the wise cricket. But, try as he might, Pinocchio the puppet just can't stay out of trouble. Treasure hunts, false friends and funfairs lead him far from his poor, lonely father. Is Pinocchio doomed to be wooden forever?
650 _aEasy reading
_vfiction
650 _aStory book
_vfiction
650 _aYoung readers
700 _aEvangelista, Mauro,
_eillustrator.
830 _aUsborne Young Reading
942 _2ddc
_cFIC